000 00443pab a2200169 454500
008 180718b2004 xxu||||| |||| 00| 0 eng d
100 _aSachchidananda
245 _aSocial sciences and social policy - the Indian experience
260 _c2004
300 _ap.5-16.
362 _aOct-Dec
650 _aSocial sciences - India
650 _aSocial policy - India
650 _aSocial policy
773 _aIASSI Quarterly
909 _a68712
999 _c68712
_d68712